<?xml version="1.0" encoding="UTF-8"?>
<record
    xmlns:xsi="http://www.w3.org/2001/XMLSchema-instance"
    xsi:schemaLocation="http://www.loc.gov/MARC21/slim http://www.loc.gov/standards/marcxml/schema/MARC21slim.xsd"
    xmlns="http://www.loc.gov/MARC21/slim">

  <leader>00335nam a22001337a 4500</leader>
  <controlfield tag="008">250915b        |||||||| |||| 00| 0 eng d</controlfield>
  <datafield tag="020" ind1=" " ind2=" ">
    <subfield code="a">9781803238531</subfield>
  </datafield>
  <datafield tag="100" ind1=" " ind2=" ">
    <subfield code="a">Aversa, Davide</subfield>
  </datafield>
  <datafield tag="245" ind1=" " ind2=" ">
    <subfield code="a">Unity artificial intelligence programming</subfield>
  </datafield>
  <datafield tag="250" ind1=" " ind2=" ">
    <subfield code="a">5th Ed.</subfield>
  </datafield>
  <datafield tag="260" ind1=" " ind2=" ">
    <subfield code="a">Mumbai</subfield>
    <subfield code="b">Packt Publisher</subfield>
    <subfield code="c">2022</subfield>
  </datafield>
  <datafield tag="300" ind1=" " ind2=" ">
    <subfield code="a">288</subfield>
  </datafield>
  <datafield tag="942" ind1=" " ind2=" ">
    <subfield code="c">C</subfield>
  </datafield>
  <datafield tag="952" ind1=" " ind2=" ">
    <subfield code="0">0</subfield>
    <subfield code="1">0</subfield>
    <subfield code="2">ddc</subfield>
    <subfield code="4">0</subfield>
    <subfield code="6">794_800000000000000_AVE</subfield>
    <subfield code="7">0</subfield>
    <subfield code="8">UG</subfield>
    <subfield code="9">87319</subfield>
    <subfield code="a">SDDTM</subfield>
    <subfield code="b">SDDTM</subfield>
    <subfield code="c">DD</subfield>
    <subfield code="d">2025-09-15</subfield>
    <subfield code="e">Book Paradise</subfield>
    <subfield code="g">2905.00</subfield>
    <subfield code="l">0</subfield>
    <subfield code="o">794.8 AVE</subfield>
    <subfield code="p">DD368</subfield>
    <subfield code="r">2025-09-15</subfield>
    <subfield code="y">R</subfield>
    <subfield code="z">Rack No. R14 Shelf No. 19</subfield>
  </datafield>
  <datafield tag="952" ind1=" " ind2=" ">
    <subfield code="0">0</subfield>
    <subfield code="1">0</subfield>
    <subfield code="2">ddc</subfield>
    <subfield code="4">0</subfield>
    <subfield code="6">794_800000000000000_AVE</subfield>
    <subfield code="7">0</subfield>
    <subfield code="8">UG</subfield>
    <subfield code="9">87320</subfield>
    <subfield code="a">SDDTM</subfield>
    <subfield code="b">SDDTM</subfield>
    <subfield code="c">DD</subfield>
    <subfield code="d">2025-09-15</subfield>
    <subfield code="e">Book Paradise</subfield>
    <subfield code="g">2905.00</subfield>
    <subfield code="l">0</subfield>
    <subfield code="o">794.8 AVE</subfield>
    <subfield code="p">DD369</subfield>
    <subfield code="r">2025-09-15</subfield>
    <subfield code="y">CR</subfield>
    <subfield code="z">Rack No. R11 Shelf No. 18</subfield>
  </datafield>
  <datafield tag="999" ind1=" " ind2=" ">
    <subfield code="c">63733</subfield>
    <subfield code="d">63733</subfield>
  </datafield>
</record>
